Cooperation in change ; an anthropological approach to community development.

Bibliographic Details
Main Author: Goodenough, Ward Hunt
Format: Book
Language:English
Published: New York : Russell Sage Foundation, 1963.
Subjects:

MARC

Tag First Indicator Second Indicator Subfields
LEADER 00000cam a2200000 4500
001 in00000039269
005 20151007081621.0
008 730129s1963 eng u
010 |a  63020667  
035 |a (OCoLC)00546587 
035 |9 AAF6657AM 
040 |c CSU  |d TXA  |d UtOrBLW 
049 |a TXAM  |c [403168] 
050 0 |a HN15  |b .G59 
082 0 |a 301.24 
092 |a 301.24  |b G649c 
100 1 |a Goodenough, Ward Hunt. 
245 1 0 |a Cooperation in change ;  |b an anthropological approach to community development. 
264 1 |a New York :  |b Russell Sage Foundation,  |c 1963. 
300 |a 543p. ;  |c 24cm. 
336 |a text  |b txt  |2 rdacontent 
337 |a unmediated  |b n  |2 rdamedia 
338 |a volume  |b nc  |2 rdacarrier 
504 |a Includes bibliographical references. 
650 0 |a Community development. 
999 |a MARS 
999 f f |s 84ddd4f7-4d8b-3687-855f-53587c8f78bc  |i c30d22c0-af63-3d9a-996b-8e9afc3425bb  |t 0 
952 f f |p normal  |a Texas A&M University  |b College Station  |c Sterling C. Evans Library  |d Evans: Library Stacks  |t 0  |e HN15 G59  |h Library of Congress classification  |i unmediated -- volume  |m A14823672239 
998 f f |a HN15 G59  |t 0  |l Evans: Library Stacks